Bacterial systematics
Guardat en:
| Autor principal: | |
|---|---|
| Format: | Llibre |
| Idioma: | anglès |
| Publicat: |
Boston
Blackwell Scientific Publications
1994
|
| Matèries: | |
| Etiquetes: |
Afegir etiqueta
Sense etiquetes, Sigues el primer a etiquetar aquest registre!
|
MARC
| LEADER | 00000nam a2200000 a 4500 | ||
|---|---|---|---|
| 001 | UCQ6355 | ||
| 003 | CL-VaPUC | ||
| 008 | 981016e19940000US |||||||||||||||||eng|d | ||
| 020 | |a 063203775X | ||
| 082 | 0 | 4 | |a 589.9 |b LOG |2 21 |
| 100 | |a Logan, Niall A. |e autor |9 420223 | ||
| 245 | 1 | 0 | |a Bacterial systematics |
| 300 | |a 263 p | ||
| 942 | |c BK | ||
| 945 | |d 19981016 00:00:00 |a aarredon | ||
| 260 | |a Boston |b Blackwell Scientific Publications |c 1994 | ||
| 650 | 0 | |a Bacteriología |9 259330 | |
| 650 | 0 | |a Bacterias |9 298237 | |
| 650 | 7 | |a CLASIFICACION |2 CL-VaPUC |9 269795 | |
| 650 | 0 | |a Antisépticos |9 404866 | |
| 650 | 7 | |a BACTERIOLOGIA MEDICA |2 CL-VaPUC |9 326613 | |
| 583 | |a last modification |c 19981016 00:00:00 |k Rodrigo Vera | ||
| 999 | |c 276338 |d 276336 | ||
| 952 | |0 0 |1 0 |4 0 |6 589_900000000000000_LOG_1994 |7 0 |8 A |9 313526 |a BIBCUR |b BIBCUR |d 2019-11-20 |i 3470997 |o 589.9 LOG 1994 |p 3470997 |r 2025-04-22 |w 2019-11-20 |y BK |k BCB | ||